LEADER 00904nam a2200241 i 4500 001 000000068505 003 CaOOAMICUS 005 20100726000000.0 008 100726s1912 fr u000 u fre u 013 $a39677 040 $aSeMil$bita 100 1 $aPiat, Clodius <1854-1918>.$0(OLS)http://semarc/name/22242 245 10$aSocrate /$cpar Clodius Piat ; traduit en allemand. 250 $a2. éd. revue et corrigée. 260 $aParis :$bFélix Alcan,$c1912. 300 $aVIII, 270 p. ;$c22 cm. 490 0 $aLes grands philosophes 600 04$aSocrate.$0(OLS)http://semarc/subject/3680 830 4$aLes grands philosophes.$0(OLS)http://semarc/title/29245 850 $aSeMil 852 $aSeMil$W1$xVenegono$y1$m2O III 103$j34658$B34658$CSeMilBibl$Z2$F34661 $81 996 $6245$aSocrate$9(OLS)http://semarc/title/109374 996 $6260$aParis :$bFélix Alcan$9(OLS)http://semarc/publisher/31890 LEADER 00986nam a2200217 i 4500 001 000000197261 003 CaOOAMICUS 005 20110215000000.0 008 110215s1982 it u000 u ita u 013 $a175948 040 $aSeMil$bita 100 1 $aTaviani, Paolo Emilio,$d<1912-2001>.$0(OLS)http://semarc/name/9389 245 10$aCristoforo Colombo :$bla genesi della grande scoperta /$cPaolo Emilio Taviani. 260 $aNovara :$bIstituto Geografico De Agostini,$c1982. 300 $a515 p. ;$c24 cm. 650 4$aColombo, Cristoforo <1451-1506> - Scoperta dell'America.$0(OLS)http://semarc/subject/25691 850 $aSeMil 852 $aSeMil$W1$xVenegono$y1$m3T IV 45$j147820$B147820$CSeMilBibl$Z2$F166224 $81 961 $aOmaggio: Grampa dott. Cesare 996 $6245$aCristoforo Colombo :$bla genesi della grande scoperta$9(OLS)http://semarc/title/27718 996 $6260$aNovara :$bIstituto Geografico De Agostini$9(OLS)http://semarc/publisher/31865